000 00382nam a2200157Ia 4500
001 37310
005 20240114001928.0
007 ta
008 170525s ii g b000 u u
082 _a820.9
_bK 189 Op
100 _aKayai, Alfored .
245 0 _aThe open Forum /
_cAlfored Kayai.
_hTextual Documents
653 _aEnglish Literature
942 _2ddc
_cBK
999 _c37292
_d37292